Top 5 All-Time Goal Scorers by Nation (Active Players) - Statistics

General Stats
  • This quiz has been taken 21 times
  • The average score is 7 of 35
Answer Stats
Goals Answer % Correct
21 Christian Pulisic
83%
52 Chicharito
72%
20 Jonathan David
72%
29 Bryan Ruiz
56%
19 Carlos Vela
50%
24 Joel Campbell
50%
29 Raul Jimenez
44%
24 Cyle Larin
39%
28 Andres Guardado
33%
42 Jozy Altidore
33%
19 Giovani dos Santos
28%
17 Michael Bradley
28%
14 Gyasi Zardes
22%
23 Gabriel Torres
17%
14 Junior Hoilett
17%
10 Roman Torres
17%
8 Jermaine Johnson
11%
32 Carlo Costly
6%
22 Jerry Bengtson
6%
16 Lucas Cavallini
6%
15 Marcos Urena
6%
12 Alberth Elis
0%
36 Alvaro Saborio
0%
9 Armando Cooper
0%
13 Bobby Wood
0%
25 Celso Borges
0%
18 Darren Mattocks
0%
12 Demar Phillips
0%
13 Julio de Leon
0%
42 Luis Tejada
0%
8 Roland Dean
0%
12 Rolando Blackburn
0%
13 Romell Quioto
0%
10 Shamar Nicholson
0%
17 Tosaint Ricketts
0%
No matching quizzes found
Score Distribution
Percent of People with Each Score
Percentile by Number Answered
Your Score History
You have not taken this quiz